№ 1-2; Вестник Западно-Сибирского геологического управления

Λεπτομέρειες βιβλιογραφικής εγγραφής
Parent link:Вестник Западно-Сибирского геологического управления: [сборник статей]/ Западно-Сибирское геологическое управление. № 1-2.— , 1938-1947
Άλλοι συγγραφείς: Мамлин Н. С.
Περίληψη:Год издания шестнадцатый.
Γλώσσα:Ρωσικά
Έκδοση: 1946
Θέματα:
Μορφή: Βιβλίο
KOHA link:https://koha.lib.tpu.ru/cgi-bin/koha/opac-detail.pl?biblionumber=259598

MARC

LEADER 00000nam2a2200000 4500
001 259598
005 20231101233411.0
035 |a (RuTPU)RU\TPU\book\282543 
035 |a RU\TPU\book\282536 
035 |a RU\TPU\book\254844 
035 |a RU\TPU\book\252896 
035 |a RU\TPU\book\253202 
090 |a 259598 
100 |a 20140512d1946 k y0rusy50 ca 
101 0 |a rus 
102 |a RU 
105 |a a z 000zy 
200 0 |a № 1-2  |f отв. ред. Н. С. Мамлин 
210 |d 1946 
215 |a 122 с.  |c ил. 
300 |a Год издания шестнадцатый. 
461 1 |0 (RuTPU)RU\TPU\book\252909  |t Вестник Западно-Сибирского геологического управления  |o [сборник статей]  |f Западно-Сибирское геологическое управление  |v № 1-2  |d 1938-1947 
606 1 |a Геология  |y Западная Сибирь  |2 stltpush  |3 (RuTPU)RU\TPU\subj\70290  |9 84644 
610 1 |a геологические работы 
610 1 |a топливо 
610 1 |a геофизические работы 
610 1 |a металлы 
610 1 |a гидрогеология 
675 |a 55(571.1)  |v 3 
702 1 |a Мамлин  |b Н. С.  |4 651 
801 1 |a RU  |b 63413507  |c 20130206 
801 2 |a RU  |b 63413507  |c 20150512  |g RCR 
942 |c BK